00603 2200229 4500001002100000005001700021008004100038035002400079082001200103090001900115100002300134245008000157250001100237260003300248300001900281650001000300700001400310850001500324980001300339985000600352999001500358YOGYA-0209000000928420090227021209.0 ind  0010-020900000009284 a297.425 a297.425bSya M aSYAHATAH, Abdullah aMengapa ibadat puasa diwajibkancAbdullah Syahatah ; alih bahasa, A. Hasjmy aCet. 1 aJakartabBulan Bintangc1976 a152 hlmc20 cm aPuasa aHasjmy, A aYOPDYOG(B) a05-06-10 a1 aP000013084